000 01852nam a2200337 a 4500
001 ebr10680946
003 CaPaEBR
006 m u
007 cr cn|||||||||
008 090128s2009 nyu sb 001 0 eng d
010 _z 2009003887
020 _z9781607411680 (hardcover)
020 _z9781617283949 (e-book)
040 _aCaPaEBR
_cCaPaEBR
035 _a(OCoLC)841168596
043 _aa-ii---
050 1 4 _aRA643.I4
_bV57 2009eb
082 0 4 _a362.196/90954
_222
100 0 _aViroj Wiwanitkit.
245 1 0 _aEmerging infectious diseases in india
_h[electronic resource] /
_cViroj Wiwanitkit and Mohen Y. Singh.
260 _aHauppauge, N.Y. :
_bNova Science Publishers,
_cc2009.
300 _axii, 223 p.
504 _aIncludes bibliographical references and index.
505 0 _aIndia : a model for health in developing world -- Leptospirosis in India -- Indian malaria -- Leishmaniasis in India -- Dengue virus infection in India -- Chikungunya fever in India -- Japanese encephalitis in india -- Gastrointestinal infectious disease in India -- Emerging hepatitis in India -- Tuberculosis in India -- A study of anal and perianal tubercular infection -- Cutaneous tuberculosis : a review -- Suppurative lesions complicating chronic anal fissures -- Bird flu in India -- Scrub typhus in india -- Buffalopox in India -- HIV and related emerging infections in india.
533 _aElectronic reproduction.
_bPalo Alto, Calif. :
_cebrary,
_d2013.
_nAvailable via World Wide Web.
_nAccess may be limited to ebrary affiliated libraries.
650 0 _aEmerging infectious diseases
_zIndia.
655 7 _aElectronic books.
_2local
700 1 _aSingh, Mohen Y.
710 2 _aebrary, Inc.
856 4 0 _uhttp://site.ebrary.com/lib/rucke/Doc?id=10680946
_zAn electronic book accessible through the World Wide Web; click to view
999 _c156583
_d156583